Histoire du drapeau du Ghana - Statistiques

Statistiques générales
  • Ce quiz a été pris 21 fois
    2 depuis la dernière actualisation
  • Le résultat moyen est 12 sur 18
Statistiques - réponses
Hint Réponse % Correct
Dominion du Ghana (1957-1958) et deuxième drapeau du Ghana (drapeau actuel depuis 1966)
100%
Côte-de-l'Or suédoise (1650-1658 et 1660-1663)
100%
Côte-de-l'Or prussienne (1682-1721)
100%
Deuxième drapeau de la Côte-de-l'Or portugaise (1495-1642)
100%
Côte-de-l'Or danoise (1658-1850)
100%
Premier drapeau de la Côte-de-l'Or portugaise (1482-1495)
100%
Premier drapeau de la colonie britannique de la Côte-de-l'Or (1821-1870)
100%
Deuxième drapeau de la colonie britannique de la Côte-de-l'Or (1877-1957)
50%
Deuxième drapeau de l'Union des États Africains (1961-1962)
50%
Troisième drapeau de la Côte-de-l'Or néerlandaise (1813-1872)
50%
Premier drapeau du Ghana (1962-1966)
50%
Premier drapeau de la Côte-de-l'Or néerlandaise (1612-1652 et 1672-1795)
50%
Deuxième drapeau de la Côte-de-l'Or néerlandaise (1652-1672)
50%
Occupation française des Pays-Bas (1795-1813)
50%
Afrique occidentale britannique (1870-1877)
50%
Empire Ashanti (1670-1902 et 1935-1957)
50%
Côte-de-l'Or anglaise (1631-1837 et 1663-1700)
50%
Premier drapeau de l'Union des États Africains (1958-1961)
0%
Aucun quiz correspondant
Distribution des résultats
% des personnes avec chaque résultat
Percentile par nombre de réponses
Votre historique - résultats
Vous n’avez pas pris ce quiz depuis la dernière actualisation